Diversidad cultural de comunidades residenciales venezolanas / (Registro nro. 23192)
[ vista simple ]
| 000 -CABECERA | |
|---|---|
| campo de control de longitud fija | 00748nam a2200193 a 4500 |
| 001 - NÚMERO DE CONTROL | |
| campo de control | 000023696 |
| 005 - FECHA Y HORA DE LA ÚLTIMA TRANSACCIÓN | |
| campo de control | 20200930022409.0 |
| 008 - DATOS DE LONGITUD FIJA--INFORMACIÓN GENERAL | |
| campo de control de longitud fija | 101220s1999 ve r 000 | spa d |
| 020 ## - NÚMERO INTERNACIONAL ESTÁNDAR DEL LIBRO | |
| Número Internacional Estándar del Libro | 9800760296 |
| 040 ## - FUENTE DE LA CATALOGACIÓN | |
| Centro catalogador/agencia de origen | DO-SdBNP |
| Lengua de catalogación | spa |
| Centro/agencia transcriptor | BNPHU |
| 082 ## - NÚMERO DE LA CLASIFICACIÓN DECIMAL DEWEY | |
| Número de clasificación | xxx |
| Número de documento/Ítem | D618c |
| 049 ## - FONDOS LOCALES (OCLC) | |
| Fondos de biblioteca | BNGR |
| 245 10 - MENCIÓN DE TÍTULO | |
| Título | Diversidad cultural de comunidades residenciales venezolanas / |
| Mención de responsabilidad, etc. | Compilación de Moraiba Tibisay Pozo; Enrique Alí González Ordosgoitti. |
| 260 ## - PUBLICACIÓN, DISTRIBUCIÓN, ETC. | |
| Lugar de publicación, distribución, etc. | Caracas : |
| Nombre del editor, distribuidor, etc. | Fondo Editorial Tropykos : Asociación Civil INDICEV : Asociación Civil CISCUVE : CONAC, |
| Fecha de publicación, distribución, etc. | [1999]. |
| 300 ## - DESCRIPCIÓN FÍSICA | |
| Extensión | 295 p. ; |
| Dimensiones | 23 cm. |
| 500 ## - NOTA GENERAL | |
| Nota general | Incluye referencias bibliográficas. |
| 700 1# - PUNTO DE ACCESO ADICIONAL--NOMBRE DE PERSONA | |
| Nombre de persona | Tibisay Pozo, Moraiba |
| Término indicativo de función/relación | comp. |
| 9 (RLIN) | 48809 |
| 700 1# - PUNTO DE ACCESO ADICIONAL--NOMBRE DE PERSONA | |
| Nombre de persona | González Ordosgoitti, Enrique Alí |
| 9 (RLIN) | 48810 |
| Estado de retiro | Estado de pérdida | Restricciones de uso | No para préstamo | Código de colección | Localización permanente | Ubicación/localización actual | Ubicación en estantería | Fecha de adquisición | Número de inventario | Total de préstamos | Signatura topográfica completa | Código de barras | Fecha visto por última vez | Precio válido a partir de | Tipo de ítem Koha |
|---|---|---|---|---|---|---|---|---|---|---|---|---|---|---|---|
| Excluido de préstamo | Monografías: Libros y Folletos | General | General | En catalogación | 20.12.2010 | LF1 | xxx D618c | 23696-10 | 25.06.2020 | 25.06.2020 | No se presta |
